| 000 | 00647nam a22001937a 4500 | ||
|---|---|---|---|
| 003 | BD-DhUL | ||
| 005 | 20220607133212.0 | ||
| 008 | 220104s1985 bg ||||| |||| 00| 0 ben d | ||
| 040 |
_aBD-DhUL _cBD-DhUL |
||
| 082 |
_a891.443 _bMUB |
||
| 100 | 2 | _aমুক্তাদীর | |
| 245 | 0 | 0 |
_aবিবর্ণ বিবেক / _cমুক্তাদীর । |
| 250 | _a১ম সংস্ক. | ||
| 260 |
_aঢাকা : _bকলতান, _c১৯৮৫ । |
||
| 300 |
_a[৪], ৩২৯ পৃ. ; _c২২ সেমি. |
||
| 650 | 4 | _aবাংলা উপন্যাস । | |
| 650 | 4 | _aBengali fiction. | |
| 942 |
_2ddc _cBK |
||
| 999 |
_c255181 _d255181 |
||